LEADER 01156nam a2200313 i 4500 001 991003673479707536 005 20021220115225.0 008 020301s2001 it ||| | ita 020 $a887303747X 035 $ab11846446-39ule_inst 035 $aLE01313121$9ExL 040 $aDip.to Matematica$beng 082 0 $a515 084 $aAMS 26-XX 084 $aLC QA303.S88253 100 1 $aStewart, James$0397465 245 10$aCalcolo :$bfunzioni di una variabile /$cJames Stewart 260 $aMilano :$bApogeo,$cc2001 300 $a1 v. (various pagings) :$bcol. ill. ;$c26 cm. 500 $aSegue: Appendici, 102 p. 500 $aTit. orig.: Calculus - concepts and contexts, 2nd ed. 650 4$aCalculus 907 $a.b11846446$b21-09-06$c20-12-02 912 $a991003673479707536 945 $aLE013 26-XX STE21 C.1 (2001)$g1$i2013000133379$lle013$o-$pE0.00$q-$rl$s- $t1$u2$v0$w2$x0$y.i12098760$z20-12-02 945 $aLE013 26-XX STE21 C.2 (2001)$g2$i2013000133386$lle013$o-$pE0.00$q-$rl$s- $t1$u4$v0$w4$x0$y.i12098772$z20-12-02 996 $aCalcolo$9663178 997 $aUNISALENTO 998 $ale013$b01-01-02$cm$da $e-$fita$git $h0$i2 LEADER 02574nam0 22005653i 450 001 VAN0274580 005 20240516122509.861 017 70$2N$a9783030800314 100 $a20240409d2022 |0itac50 ba 101 $aeng 102 $aCH 105 $a|||| ||||| 200 1 $aAround the Unit Circle$eMahler Measure, Integer Matrices and Roots of Unity$fJames McKee, Chris Smyth 210 $aCham$cSpringer$d2021 215 $axx, 438 p.$cill.$d24 cm 410 1$1001VAN0024506$12001 $aUniversitext$1210 $aBerlin [etc]$cSpringer$d1930- 606 $a11-XX$xNumber theory [MSC 2020]$3VANC019688$2MF 606 $a11R06$xPV-numbers and generalizations; other special algebraic numbers; Mahler measure [MSC 2020]$3VANC021432$2MF 606 $a11R18$xCyclotomic extensions [MSC 2020]$3VANC021827$2MF 606 $a11C08$xPolynomials in number theory [MSC 2020]$3VANC022428$2MF 606 $a05A05$xPermutations, words, matrices [MSC 2020]$3VANC023152$2MF 606 $a15B36$xMatrices of integers [MSC 2020]$3VANC023796$2MF 606 $a05C22$xSigned and weighted graphs [MSC 2020]$3VANC029233$2MF 606 $a05C20$xDirected graphs (digraphs), tournaments [MSC 2020]$3VANC031014$2MF 606 $a11C20$xMatrices, determinants in number theory [MSC 2020]$3VANC033735$2MF 606 $a11S05$xPolynomials [MSC 2020]$3VANC037775$2MF 610 $aAdjacency matrix$9KW:K 610 $aAuxiliary function methods$9KW:K 610 $aCyclotomic integers$9KW:K 610 $aEstes-Guralnick conjecture$9KW:K 610 $aLehmer's problem$9KW:K 610 $aMahler measure$9KW:K 610 $aRobinson's conjecture$9KW:K 610 $aSalem numbers$9KW:K 610 $aSchinzel-Zassenhaus conjecture$9KW:K 610 $aSchur-Siegel-Smyth trace problem$9KW:K 610 $aSigned and directed graphs$9KW:K 610 $aSymmetrizable integer matrics$9KW:K 620 $aCH$dCham$3VANL001889 700 1$aMcKee$bJames$3VANV051813$0295633 701 1$aSmyth$bChris$3VANV051814$0317635 712 $aSpringer $3VANV108073$4650 801 $aIT$bSOL$c20240614$gRICA 856 4 $uhttps://doi.org/10.1007/978-3-030-80031-4$zhttps://doi.org/10.1007/978-3-030-80031-4 899 $aBIBLIOTECA DEL DIPARTIMENTO DI MATEMATICA E FISICA$1IT-CE0120$2VAN08 912 $fN 912 $aVAN0274580 950 $aBIBLIOTECA DEL DIPARTIMENTO DI MATEMATICA E FISICA$d08CONS e-book 8153 $e08eMF8153 20240412 996 $aAround the Unit Circle$94148983 997 $aUNICAMPANIA